Film Allgemeinwissen Quiz #4 - Statistiken

Allgemein
  • Dieses Quiz wurde 212 mal gespielt
  • Das Durchschnittsergebnis liegt bei 12 aus 20
Antwortstatistiken
Frage Antwort % Korrekt
Welcher Disney-Charakter findet eine magische Wunderlampe? Aladdin
93%
Wie heißt der wichtigste Filmpreis, der alljährlich in Beverly Hills, Kalifornien, verliehen wird? Oscar
89%
Von welchem berühmten Brüderpaar stammen die literarischen Vorlagen zu den Disney-Filmen "Rapunzel – Neu verföhnt" und "Schneewittchen und die sieben Zwerge"? Gebrüder Grimm
80%
Welcher berühmte Film-Archäologe ist bekannt für seinen Fedora-Hut und das Nutzen einer Peitsche? Indiana Jones
80%
Wer spielte die Hauptrolle im Film "Manta, Manta"? Til Schweiger
72%
Wie heißt das chaotische Superhelden-Team, das unter anderem aus einem grünen Alien, einem baumähnlichen Wesen und einem Waschbären besteht? Guardians of the Galaxy
71%
Wie heißt der britische Schauspieler, der die Figur Harry Potter verkörperte? Daniel Radcliffe
69%
Wie heißt James Bonds Vorgesetzter bzw. Vorgesetzte, der/die bisher von Bernard Lee, Robert Brown, Judi Dench und Ralph Fiennes verkörpert wurde? M
69%
Welcher Schauspieler verkörpert den Superhelden Thor im Marvel Cinematic Universe? Chris Hemsworth
68%
Durch welchen Disney-Realfilm wurde Zac Efron bekannt? High School Musical
63%
Wer spielte "Beach-Ken" im "Barbie"-Film von 2023? Ryan Gosling
63%
Wie ist der Name der Gegenspieler der Jedi in den "Star-Wars"-Filmen? Sith
61%
Wie heißt das Pferd von Pippi Langstrumpf? Kleiner Onkel
59%
Vervollständigen Sie den Filmtitel: "Der Herr der Ringe: Die Rückkehr __ _____" des Königs
58%
Wie heißt die deutsche Synchronstimme von Sonic the Hedgehog in den Realverfilmungen? (Tipp: ein bekannter YouTuber) Julien Bam
48%
Welchen französischen Komiker und Schauspieler verbindet man mit den Worten "Nein, doch, oh!!!"? Louis de Funès
37%
Welche Filmfigur wurde in 12 Filmen von dem ehemaligen Schwimmer Johnny Weissmüller verkörpert? Tarzan
33%
Wer führte Regie bei Filmen wie "Der Patriot", "The Day After Tomorrow" und "Independence Day"? Roland Emmerich
32%
Welcher "Wetten, dass...?"-Moderator sprach in der Hörspiel-Version des Disney-Klassikers den jungen Bambi? Frank Elstner
27%
Bei der Produktion welcher düsteren Comicverfilmung starb Brandon Lee, Sohn von Bruce Lee? The Crow – Die Krähe
21%
Keine übereinstimmenden Quizze gefunden
Verteilung der Resultate
Anzahl Personen mit jedem Resultat
Perzentil nach korrekt beantworteten Fragen
Ihre Resultats-Entwicklung
Sie haben dieses Quiz noch nicht gespielt